[Event "GBR-ch 100th"]
[Site "Torquay"]
[Date "2013.08.06"]
[Round "8"]
[White "Flear, Glenn C"]
[Black "Yeo, Michael J"]
[Result "1-0"]
[WhiteElo "2456"]
[BlackElo "2170"]
[PlyCount "67"]
[EventDate "2013.07.29"]
[EventType "swiss"]
[EventRounds "11"]
[EventCountry "ENG"]
[SourceTitle "CBM 155 Extra"]
[Source "ChessBase"]
[SourceDate "2013.08.26"]
[SourceVersion "1"]
[SourceVersionDate "2013.08.26"]
[SourceQuality "1"]

1. d4 d5 2. c4 dxc4 3. e4 Nc6 4. d5 Ne5 5. Bf4 Ng6 6. Be3 Nf6 7. Nc3 e5 8. Bxc4 a6 9. f3 Bd6 10. Nge2 Nh5 11. 0-0 Nhf4 12. g3 Nh3+ 13. Kh1 f5 14. exf5 Bxf5 15. Bd3 0-0 16. Bxf5 Rxf5 17. Ne4 Qd7 18. N2c3 Re8 19. Rc1 h5 20. Qa4 Qxa4 21. Nxa4 Ne7 22. Kg2 Nxd5 23. Bd2 Nhf4+ 24. gxf4 exf4 25. Rfe1 Be7 26. a3 Bh4 27. Re2 Re7 28. Nac3 Ne3+ 29. Bxe3 fxe3 30. Rd1 Bg5 31. Rd5 Ree5 32. Rxe5 Rxe5 33. Nxg5 Rxg5+ 34. Kf1 1-0

[Event "GBR-ch 100th"]
[Site "Torquay"]
[Date "2013.07.30"]
[Round "2"]
[White "Yeo, Michael J"]
[Black "Kosten, Anthony C"]
[Result "1/2-1/2"]
[WhiteElo "2170"]
[BlackElo "2458"]
[PlyCount "90"]
[EventDate "2013.07.29"]
[EventType "swiss"]
[EventRounds "11"]
[EventCountry "ENG"]
[SourceTitle "CBM 155 Extra"]
[Source "ChessBase"]
[SourceDate "2013.08.26"]
[SourceVersion "1"]
[SourceVersionDate "2013.08.26"]
[SourceQuality "1"]

1. e4 e5 2. Nf3 Nc6 3. Bc4 Bc5 4. b4 Bxb4 5. c3 Be7 6. d4 Na5 7. Bd3 d6 8. dxe5 dxe5 9. Nxe5 Nf6 10. 0-0 0-0 11. Qc2 c5 12. Nd2 Qc7 13. f4 b6 14. Nec4 Nxc4 15. Bxc4 Bb7 16. e5 Qc6 17. Nf3 Ne4 18. Re1 Rad8 19. Bd3 Rxd3 20. Qxd3 c4 21. Qc2 Nc5 22. Nd4 Qc7 23. Re2 Nd3 24. Be3 Bc5 25. Rf1 Qd7 26. a4 Qg4 27. h3 Qg6 28. Kh2 Qe4 29. Bg1 Qd5 30. Nf5 Qd7 31. Bxc5 Nxc5 32. Nd6 Bc6 33. Qf5 Qxf5 34. Nxf5 Bxa4 35. Ra1 a5 36. Nd6 Bc6 37. f5 Rd8 38. Re3 Bd5 39. Rb1 f6 40. e6 Rxd6 41. e7 Bf7 42. e8Q+ Bxe8 43. Rxe8+ Kf7 44. Rbe1 Rd7 45. Rh8 Ra7 1/2-1/2

[Event "EU-chT Seniors 15th"]
[Site "Dresden"]
[Date "2013.07.26"]
[Round "7"]
[White "Yeo, Michael J"]
[Black "Mueller Clostermann, Bruno"]
[Result "1-0"]
[WhiteElo "2170"]
[BlackElo "2165"]
[PlyCount "83"]
[EventDate "2013.07.20"]
[EventType "team-swiss"]
[EventRounds "9"]
[EventCountry "GER"]
[SourceTitle "CBM 155 Extra"]
[Source "ChessBase"]
[SourceDate "2013.08.26"]
[SourceVersion "1"]
[SourceVersionDate "2013.08.26"]
[SourceQuality "1"]
[WhiteTeam "England"]
[BlackTeam "Katernberg"]
[WhiteTeamCountry "ENG"]
[BlackTeamCountry "GER"]

1. e4 Nf6 2. e5 Nd5 3. d4 d6 4. c4 Nb6 5. f4 dxe5 6. fxe5 c5 7. d5 e6 8. Nc3 exd5 9. cxd5 c4 10. d6 Nc6 11. Bf4 Be6 12. Nf3 Nd7 13. Ng5 Ndxe5 14. Nxe6 fxe6 15. Bxe5 Nxe5 16. Qh5+ Ng6 17. 0-0-0 Qb6 18. d7+ Kd8 19. Bxc4 Bb4 20. Rhe1 Bxc3 21. bxc3 e5 22. Bf7 Qc6 23. Bxg6 Qxc3+ 24. Bc2 Qa3+ 25. Kd2 Qb4+ 26. Ke2 Qc4+ 27. Bd3 Qxa2+ 28. Rd2 Qe6 29. Rf1 g6 30. Bxg6 Rg8 31. Qh4+ Qe7 32. Qxe7+ Kxe7 33. Rf7+ Ke6 34. Rxh7 Rgd8 35. Be4 Rab8 36. Rh6+ Kf7 37. Rdd6 b5 38. Rh7+ Kg8 39. Rdh6 Rb6 40. Bd5+ Kf8 41. Rh8+ Kg7 42. Rxd8 1-0

[Event "BCF-chT2a 1213 (4NCL)"]
[Site "England"]
[Date "2013.02.24"]
[Round "6.41"]
[White "Yeo, Michael J"]
[Black "Mansson, James C"]
[Result "1/2-1/2"]
[WhiteElo "2155"]
[BlackElo "2123"]
[PlyCount "85"]
[EventDate "2012.11.03"]
[EventType "team-tourn"]
[EventRounds "7"]
[EventCountry "ENG"]
[SourceTitle "EXT 2014"]
[Source "ChessBase"]
[SourceDate "2013.11.20"]
[SourceVersion "1"]
[SourceVersionDate "2013.11.20"]
[SourceQuality "1"]
[WhiteTeam "Wessex"]
[BlackTeam "e2e4.org.uk II"]
[WhiteTeamCountry "ENG"]
[BlackTeamCountry "ENG"]

1. e4 c5 2. Nf3 d6 3. d4 cxd4 4. Nxd4 Nf6 5. Nc3 a6 6. Bg5 e6 7. f4 Qb6 8. Qd3 Qxb2 9. Rb1 Qa3 10. f5 Be7 11. fxe6 fxe6 12. Be2 Nc6 13. Nxc6 bxc6 14. Bh5+ g6 15. e5 dxe5 16. Rb3 Qc5 17. Bxg6+ hxg6 18. Qxg6+ Kd8 19. Bxf6 Qe3+ 20. Ne2 Qh6 21. Qxh6 Rxh6 22. Bxe5 Rh5 23. Bg3 a5 24. 0-0 Rc5 25. Nd4 Rc4 26. Rd1 Ke8 27. Be5 Bc5 28. Rd2 Ba6 29. Rg3 Rd8 30. Rg8+ Kd7 31. Rxd8+ Kxd8 32. Kh1 Ke8 33. h4 Bxd4 34. Bxd4 Ra4 35. h5 Kf7 36. Kh2 e5 37. Bf2 Bc8 38. Rd8 Be6 39. h6 Bf5 40. Bg3 Rxa2 41. Bxe5 Rxc2 42. Ra8 Kg6 43. Rxa5 1/2-1/2

[Event "BCF-chT2a 1213 (4NCL)"]
[Site "England"]
[Date "2013.01.13"]
[Round "4.42"]
[White "Yeo, Michael J"]
[Black "Kett, Timothy"]
[Result "1-0"]
[WhiteElo "2155"]
[BlackElo "2220"]
[PlyCount "75"]
[EventDate "2012.11.03"]
[EventType "team-tourn"]
[EventRounds "7"]
[EventCountry "ENG"]
[SourceTitle "EXT 2014"]
[Source "ChessBase"]
[SourceDate "2013.11.20"]
[SourceVersion "1"]
[SourceVersionDate "2013.11.20"]
[SourceQuality "1"]
[WhiteTeam "Wessex"]
[BlackTeam "Rhyfelwyr Essyllwg"]
[WhiteTeamCountry "ENG"]
[BlackTeamCountry "ENG"]

1. e4 e5 2. Nf3 Nc6 3. Bc4 Nf6 4. d4 exd4 5. 0-0 Bc5 6. e5 d5 7. exf6 dxc4 8. fxg7 Rg8 9. Bg5 Qd5 10. Nc3 Qf5 11. Ne4 Rxg7 12. Nh4 Qxe4 13. Re1 Qxe1+ 14. Qxe1+ Be6 15. Bf6 Rg4 16. h3 Rg8 17. Qe4 Kd7 18. Rd1 Rae8 19. Nf5 Kc8 20. Ng7 Ref8 21. Nxe6 fxe6 22. Qxe6+ Kb8 23. Qxc4 Bb6 24. Bxd4 Nxd4 25. Rxd4 Bxd4 26. Qxd4 b6 27. Qh4 Rg7 28. f4 Rd7 29. Kf2 Rd2+ 30. Kf3 Re8 31. f5 Rxc2 32. g4 Rxb2 33. f6 Rb1 34. Qf2 h6 35. f7 Rf8 36. Kg3 Rd1 37. Qf5 Kb7 38. Qf3+ 1-0

[Event "Torquay op 46th"]
[Site "Torquay"]
[Date "2012.11.10"]
[Round "3"]
[White "Helbig, Paul"]
[Black "Yeo, Michael J"]
[Result "1/2-1/2"]
[WhiteElo "2122"]
[BlackElo "2192"]
[PlyCount "106"]
[EventDate "2012.11.09"]
[EventType "swiss"]
[EventRounds "5"]
[EventCountry "ENG"]
[SourceTitle "EXT 2022"]
[Source "ChessBase"]
[SourceDate "2021.10.06"]
[SourceVersion "1"]
[SourceVersionDate "2021.10.06"]
[SourceQuality "1"]

1. e4 e5 2. Nf3 Nc6 3. d4 exd4 4. Nxd4 Nf6 5. Nxc6 bxc6 6. e5 Qe7 7. Qe2 Nd5 8. c4 Ba6 9. b3 g5 10. g3 Bg7 11. Bb2 0-0-0 12. Nd2 Nb4 13. 0-0-0 c5 14. Bg2 Bxe5 15. Bxe5 Qxe5 16. Qxe5 Nd3+ 17. Kc2 Nxe5 18. Nf3 f6 19. Nxe5 fxe5 20. Be4 d6 21. h4 h6 22. f3 Rdf8 23. hxg5 hxg5 24. Rxh8 Rxh8 25. Rd2 Kd7 26. Bf5+ Ke7 27. Rg2 Bb7 28. Be4 c6 29. Bf5 Kf6 30. Bd7 Ke7 31. Bg4 Kd8 32. Kd3 d5 33. Re2 Re8 34. Rh2 Bc8 35. Bxc8 Kxc8 36. Rh7 g4 37. fxg4 e4+ 38. Ke2 Kb8 39. b4 cxb4 40. cxd5 cxd5 41. Ke3 Rg8 42. Rd7 Rxg4 43. Rxd5 Rxg3+ 44. Kf4 Rg2 45. Rb5+ Kc7 46. Rxb4 Rxa2 47. Kxe4 a5 48. Rb5 Kc6 49. Rh5 Kb6 50. Kd3 Rg2 51. Kc3 Rg3+ 52. Kb2 a4 53. Ka2 Rb3 1/2-1/2

[Event "BCF-chT3S 1112 (4NCL)"]
[Site "England"]
[Date "2012.01.14"]
[Round "3.3"]
[White "Waterfield, John"]
[Black "Yeo, Michael J"]
[Result "1/2-1/2"]
[WhiteElo "2037"]
[BlackElo "2135"]
[PlyCount "65"]
[EventDate "2011.11.12"]
[EventType "team-swiss"]
[EventRounds "6"]
[EventCountry "ENG"]
[SourceTitle "EXT 2013"]
[Source "ChessBase"]
[SourceDate "2012.11.22"]
[SourceVersion "1"]
[SourceVersionDate "2012.11.22"]
[SourceQuality "1"]
[WhiteTeam "Gloucestershire Gambits"]
[BlackTeam "Wessex"]
[WhiteTeamCountry "ENG"]
[BlackTeamCountry "ENG"]

1. e4 e5 2. Nf3 Nc6 3. Nc3 Nf6 4. d4 exd4 5. Nxd4 Bb4 6. Nxc6 bxc6 7. Bd3 d5 8. exd5 0-0 9. 0-0 cxd5 10. Bg5 c6 11. Na4 h6 12. Bh4 Re8 13. c4 Bd6 14. cxd5 cxd5 15. Bb5 Re7 16. Bxf6 gxf6 17. Qd2 Kg7 18. Rac1 Rb8 19. Bc6 Ba6 20. Rfd1 Be2 21. Re1 Bb4 22. Nc3 d4 23. Rxe2 Rxe2 24. Qxe2 dxc3 25. bxc3 Bxc3 26. Ba4 Qd2 27. Qxd2 Bxd2 28. Rc7 Kf8 29. f3 Ba5 30. Rd7 Rc8 31. Kf1 Rc7 32. Rxc7 Bxc7 33. h3 1/2-1/2

[Event "London Classic op"]
[Site "London"]
[Date "2011.12.10"]
[Round "8"]
[White "Gschwendtner, Stanislav"]
[Black "Yeo, Michael J"]
[Result "1-0"]
[WhiteElo "2011"]
[BlackElo "2152"]
[PlyCount "73"]
[EventDate "2011.12.03"]
[EventType "swiss"]
[EventRounds "9"]
[EventCountry "ENG"]
[SourceTitle "CBM 145 Extra"]
[Source "ChessBase"]
[SourceDate "2012.01.03"]
[SourceVersion "1"]
[SourceVersionDate "2012.01.03"]
[SourceQuality "1"]

1. c4 e5 2. g3 Nc6 3. Bg2 g6 4. Nc3 Bg7 5. d3 d6 6. e4 Be6 7. Nge2 Qd7 8. Nd5 Nce7 9. Be3 c6 10. h3 f5 11. Nxe7 Nxe7 12. Qa4 0-0 13. h4 h5 14. f3 b5 15. Qc2 bxc4 16. dxc4 d5 17. 0-0-0 Qb7 18. Bc5 fxe4 19. fxe4 d4 20. Rhf1 a5 21. Rxf8+ Rxf8 22. Rf1 Rb8 23. Rf3 Bh6+ 24. Kb1 Be3 25. Nc1 Bg4 26. Rf1 Qc7 27. Nd3 Kg7 28. Bf3 Bxf3 29. Rxf3 Ng8 30. Qg2 Nf6 31. Rf1 Nd7 32. Qf3 Nxc5 33. Qf6+ Kh6 34. Nxc5 Qb6 35. Nd3 Qc7 36. Nxe5 Re8 37. Qxg6# 1-0

[Event "London Classic op"]
[Site "London"]
[Date "2011.12.04"]
[Round "2"]
[White "Slavin, Alexei"]
[Black "Yeo, Michael J"]
[Result "1-0"]
[WhiteElo "2400"]
[BlackElo "2152"]
[PlyCount "81"]
[EventDate "2011.12.03"]
[EventType "swiss"]
[EventRounds "9"]
[EventCountry "ENG"]
[SourceTitle "CBM 145 Extra"]
[Source "ChessBase"]
[SourceDate "2012.01.03"]
[SourceVersion "1"]
[SourceVersionDate "2012.01.03"]
[SourceQuality "1"]

1. d4 Nf6 2. Nf3 g6 3. c4 Bg7 4. Nc3 d5 5. g3 0-0 6. Bg2 Nc6 7. Ne5 dxc4 8. Nxc6 bxc6 9. Bxc6 Rb8 10. Bg2 Ne8 11. d5 e6 12. 0-0 exd5 13. Bxd5 Bh3 14. Re1 Nd6 15. Qa4 Rb6 16. Rd1 Qb8 17. Be3 Rxb2 18. Bxa7 Qe8 19. Bc6 Qe6 20. Bd4 Bxd4 21. Rxd4 Rfb8 22. Rad1 Kg7 23. Bf3 Nf5 24. Re4 Qb6 25. Qxc4 Nd6 26. Qd4+ Qxd4 27. Rexd4 Rc2 28. R4d3 Rbb2 29. Nd5 Bf5 30. Rc3 Rxa2 31. Rxc7 Rd2 32. Rxd2 Rxd2 33. Kg2 Be4 34. Nf4 g5 35. Ne6+ Kf6 36. Nc5 Bxf3+ 37. Kxf3 g4+ 38. Ke3 Rd1 39. Rd7 Nc4+ 40. Kf4 Rxd7 41. Nxd7+ 1-0

[Event "ENG-ch Seniors"]
[Site "Gatwick"]
[Date "2011.10.30"]
[Round "5"]
[White "Yeo, Michael J"]
[Black "McKerracher, Douglas"]
[Result "1-0"]
[WhiteElo "2152"]
[BlackElo "1976"]
[PlyCount "29"]
[EventDate "2011.10.26"]
[EventType "swiss"]
[EventRounds "5"]
[EventCountry "ENG"]
[SourceTitle "EXT 2019"]
[Source "ChessBase"]
[SourceDate "2018.10.10"]
[SourceVersion "1"]
[SourceVersionDate "2018.10.10"]
[SourceQuality "1"]

1. Nf3 f5 2. e4 fxe4 3. Ng5 e5 4. d3 e3 5. Bxe3 Nf6 6. d4 e4 7. Nxe4 Bb4+ 8. c3 Be7 9. Nxf6+ Bxf6 10. Bc4 g6 11. Qe2 Qe7 12. 0-0 d6 13. Re1 Kd8 14. Bh6 Nc6 15. Qd2 1-0

[Event "ENG-ch Seniors"]
[Site "Gatwick"]
[Date "2011.10.29"]
[Round "4"]
[White "Waterfield, John"]
[Black "Yeo, Michael J"]
[Result "1/2-1/2"]
[WhiteElo "2008"]
[BlackElo "2152"]
[PlyCount "73"]
[EventDate "2011.10.26"]
[EventType "swiss"]
[EventRounds "5"]
[EventCountry "ENG"]
[SourceTitle "EXT 2019"]
[Source "ChessBase"]
[SourceDate "2018.10.10"]
[SourceVersion "1"]
[SourceVersionDate "2018.10.10"]
[SourceQuality "1"]

1. e4 e5 2. Nf3 Nc6 3. Nc3 Nf6 4. d4 exd4 5. Nxd4 Bb4 6. Nxc6 bxc6 7. Bd3 d5 8. exd5 0-0 9. 0-0 cxd5 10. Bg5 c6 11. Na4 h6 12. Bh4 Re8 13. c4 Bd6 14. Re1 Be6 15. Rc1 Rb8 16. a3 Bf4 17. Rc2 dxc4 18. Bxc4 Qxd1 19. Rxd1 Bf5 20. Rc3 Be5 21. Rcc1 Bxb2 22. Nxb2 Rxb2 23. Rd6 Rc2 24. Rdd1 Rxc1 25. Rxc1 g5 26. Bg3 Ne4 27. Bc7 Nd2 28. Ba6 Nb3 29. Rd1 Bc2 30. Rd8 Rxd8 31. Bxd8 c5 32. Be7 Bf5 33. Bc4 Nd2 34. Bb5 Nb3 35. Bc4 Be6 36. Bxb3 Bxb3 37. Bxc5 1/2-1/2

[Event "Moscow op-E"]
[Site "Moscow"]
[Date "2011.02.06"]
[Round "9.133"]
[White "Smirnov, Anton"]
[Black "Yeo, Michael J"]
[Result "0-1"]
[WhiteElo "2002"]
[BlackElo "2189"]
[PlyCount "160"]
[EventDate "2011.01.29"]
[EventType "swiss"]
[EventRounds "9"]
[EventCountry "RUS"]
[SourceTitle "EXT 2022"]
[Source "ChessBase"]
[SourceDate "2021.10.06"]
[SourceVersion "1"]
[SourceVersionDate "2021.10.06"]
[SourceQuality "1"]

1. e4 e5 2. Nc3 Nf6 3. Bc4 Nc6 4. d3 Bc5 5. f4 0-0 6. Nf3 Ng4 7. Ng5 d5 8. Nxd5 exf4 9. Bxf4 h6 10. Nh3 Nge5 11. Nf2 Be6 12. Qd2 Qh4 13. Bg3 Nxc4 14. Bxh4 Nxd2 15. Kxd2 Rac8 16. Rhf1 f5 17. Nh1 fxe4 18. dxe4 Ne5 19. Rxf8+ Bxf8 20. Kc3 g5 21. Bg3 Ng6 22. Kd2 Rd8 23. Bxc7 Rd7 24. Bg3 Bxd5 25. exd5 Rxd5+ 26. Ke2 Bg7 27. Rb1 Ne7 28. Bf2 Ra5 29. a3 Nd5 30. Kf1 a6 31. Ng3 Nf4 32. Ne2 Ne6 33. Nc1 Rf5 34. Nd3 Nd4 35. c3 Nb3 36. Rd1 Na5 37. Kg1 Nc4 38. a4 Rd5 39. Kf1 Rd6 40. g3 g4 41. Bg1 h5 42. Bc5 Rd5 43. Ke2 Nxb2 44. Nxb2 Rxc5 45. Rd8+ Kh7 46. Nd1 Rc7 47. Rd5 Kg6 48. Rd6+ Bf6 49. Ne3 Rc6 50. Rd7 Bxc3 51. Rxb7 Rd6 52. Nc4 Re6+ 53. Kf1 Kg5 54. Rb3 Bd4 55. Rd3 Rf6+ 56. Ke1 Bf2+ 57. Ke2 Bg1 58. Nd2 Rf2+ 59. Kd1 Rxh2 60. Rd5+ Kf6 61. Ra5 Rh1 62. Ke2 Rh2+ 63. Kd1 h4 64. gxh4 Rxh4 65. Rxa6+ Kf5 66. Ra8 Bd4 67. Rf8+ Bf6 68. a5 Rh1+ 69. Ke2 Ra1 70. Ra8 Ra2 71. Kd3 g3 72. a6 g2 73. Rg8 Bg5 74. Nf3 Ra3+ 75. Ke2 Rxf3 76. Rf8+ Kg4 77. Rxf3 g1Q 78. Ra3 Qg2+ 79. Ke1 Qd2+ 80. Kf1 Qc1+ 0-1